000 00497nam a2200181 a 4500
001 6571
003 CO-ViMGA
008 141112s2004 ck r 000 u spa d
040 _aCO-ViMGA
_bspa
_cCO-ViMGA
082 0 4 _a721 A553
100 1 _aAllen, Edward
_95418
245 1 0 _aConstrucción como funciona un edificio :
_bprincipios elementales
250 _a5a
260 _aBarcelona :
_bGustavo Gili,
_c1995
300 _a258 : il
650 1 4 _aEDIFICIOS - CONSTRUCCION
_951020
942 _2ddc
_cBK
999 _c18541
_d18541